| 000 | 00481nam a2200157 i 4500 | ||
|---|---|---|---|
| 001 | 89920 | ||
| 003 | ES-MaACL | ||
| 005 | 20230906180313.0 | ||
| 007 | t| | ||
| 008 | 050117s1973 xxu ||||1| spa d | ||
| 100 | 1 |
_aLay, Amado Manuel. _970761 |
|
| 245 | 1 | 3 |
_aEl tiempo en dos novelas hispanoamericanas _b: (al filo del agua y el acoso) / _cAmado Manuel Lay. |
| 260 |
_aMiami (Florida) : _bUniversal, _c[1973] |
||
| 300 |
_a59 p. ; _c21 cm. |
||
| 852 |
_aES-MaACL _jC-52502 _bR.85435 |
||
| 999 |
_c89920 _d89920 |
||